Lokálna environmentálna zmena ako subjektívna životná udalosť

Vymedzenie a koncipovanie psychológie životného prostredia. Problematika životných udalostí. Radikálny zásah do životného prostredia obyvateľov žijúcich v bezprostrednej blízkosti vodného diela Gabčíkovo - životná udalosť. Psychologický výskum v tejto oblasti objasňuje lokálne environmentálne zmeny...

ver descrição completa

Na minha lista:
Detalhes bibliográficos
Autor principal: Schraggeová, M.
Outros Autores: Rošková, Eva
Formato: Capítulo de Livro
Idioma:eslovaco
Assuntos:
Tags: Adicionar Tag
Sem tags, seja o primeiro a adicionar uma tag!

MARC

LEADER 00000naa a2200000 4500
001 r020644
005 20221205102746.9
041 0 |a slo 
044 |a SK 
245 1 0 |a Lokálna environmentálna zmena ako subjektívna životná udalosť  |c M. Schraggeová, E. Rošková 
520 |a Vymedzenie a koncipovanie psychológie životného prostredia. Problematika životných udalostí. Radikálny zásah do životného prostredia obyvateľov žijúcich v bezprostrednej blízkosti vodného diela Gabčíkovo - životná udalosť. Psychologický výskum v tejto oblasti objasňuje lokálne environmentálne zmeny a ich vplyv na ľudí. 
610 2 0 |a psychológia 
610 2 0 |a ekológia 
610 2 0 |a prostredie životné 
610 2 0 |a výskum psychologický 
610 2 0 |a Slovensko 
610 2 0 |a diela vodné 
610 2 0 |a Gabčíkovo 
610 2 0 |a správanie 
610 2 0 |a štýl životný 
610 2 0 |a pojmy 
100 1 |a Schraggeová, M. 
700 1 |a Rošková, Eva